00470 2200169 4500001002100000005001500021035002000036245007500056100002300131250001700154300003200171260003900203082000800242084001400250020002200264650001400286INLIS00000000000021720240528053211 a0010-05240001391 aKecil-kecil terampil :bSulis ingin jadi penulis /cBambang Trimansyah0 aBambang Trimansyah acetakan ke-1 aiv, 44 hlm :bilus ;c21 cm aJakarta :bAzka Mulia Media,c2007 a813 a813 BAM k a978-979-1211-70-3 4abuku anak